000 00590nam a22001817a 4500
005 20251108165311.0
008 250721s1989 xx 000 0 ara d
082 1 4 _a956.52/محم
100 1 _aمحمود، شفيق جاسر أحمد
245 1 0 _aتاريخ القدس و العلاقة بين المسلمين و المسيحيين فيها حتى الحروب الصليبية /
250 _aط2
264 1 _aعمان :
_bالمؤلف،
_c1989.
300 _a248ص
650 1 7 _aتاريخ فلسطين
650 1 7 _aتاريخ القدس
942 _2ddc
_cBK
999 _c24499
_d24499